Serie A-B-C 2024-25 - Statistics

Statistiche generali
  • Questo quiz è stato fatto 1.259 volte
  • Il punteggio medio è 67 su 100
Statistiche sulle risposte
% Corretto
Milan
99%
Milan Futuro
99%
Atalanta
98%
Atalanta U23
98%
Inter
98%
Juventus
98%
Juventus U23
98%
Napoli
97%
Bologna
96%
Fiorentina
96%
Genoa
96%
Lazio
96%
Roma
96%
Cagliari
95%
Hellas Verona
95%
Udinese
95%
Venezia
95%
Como
93%
Empoli
93%
Lecce
93%
Monza
93%
Torino
93%
Sampdoria
92%
Sassuolo
92%
Bari
90%
Palermo
90%
Parma
90%
Pisa
89%
Brescia
85%
Salernitana
85%
Catania
83%
Cremonese
83%
Spezia
82%
Catanzaro
81%
Cosenza
80%
Frosinone
79%
Modena
79%
Reggiana
78%
Sudtirol
78%
Avellino
77%
Cesena
77%
Mantova
75%
Benevento
74%
Pescara
74%
Padova
73%
Vicenza
73%
Carrarese
72%
Juve Stabia
72%
Virtus Verona
72%
Ternana
70%
Crotone
69%
Foggia
69%
Ascoli
67%
Lecco
67%
Spal
67%
Triestina
67%
Perugia
66%
Messina
65%
Cittadella
63%
Pro Vercelli
62%
Latina
60%
Taranto
60%
Trapani
59%
Novara
58%
Rimini
58%
Potenza
57%
Virtus Entella
57%
Trento
54%
Arezzo
50%
Casertana
49%
Pro Patria
49%
Feralpisalò
49%
Torres
49%
Albinoleffe
48%
Lucchese
48%
Audace Cerignola
46%
Campobasso
46%
Carpi
45%
Alcione Milano
42%
Monopoli
41%
Turris
41%
Gubbio
39%
Vis Pesaro
39%
Giana Erminio
36%
AZ Picerno
34%
Arzignano Valchiampo
33%
Renate
33%
Giugliano
32%
Lumezzane
31%
Pineto
31%
Sorrento
31%
Cavese
30%
Pergolettese
29%
Pontedera
29%
Caldiero Terme
28%
Team Altamura
27%
Union Clodiense
27%
Sestri Levante
26%
Legnago
25%
Pianese
25%
Nessun quiz corrispondente trovato
Distribuzione punteggi
Percentuale di utenti per punteggio
Percentile per numero di risposta
I tuoi punteggi nel tempo
Non hai fatto questo quiz